000 01084cam a2200349 a 4500
001 3168
003 FISKH
005 20240215104515.0
008 940301s1994 nyu j 000 1 eng
010 _a 94008793
020 _a0531068676
020 _a0531087174 (lib. bdg.)
020 _a071009004504
040 _aDLC
_cDLC
_dDLC
_beng
042 _alcac
050 0 0 _aPZ7.N4377
_bEar 1994
082 0 0 _a[Fic]
_220
100 1 _aNelson, Theresa,
_d1948-
245 1 0 _aEarthshine :
_ba novel /
_cby Theresa Nelson.
250 _aThis edition published April 1996
260 _aNew York :
_bLaurel Leaf Books,
_c1994
300 _a182 pages ;
_c20 cm.
500 _a"A Richard Jackson book"--verso t.p.
505 _aZ
520 _aSlim watches over her father, a disarmingly charismatic man, as his struggle with AIDS reaches its climax.
521 8 _a900
_bLexile
521 8 _aZ
_bRaz-Plus
650 1 _aAIDS (Disease)
_xFiction.
650 1 _aFathers and daughters
_xFiction.
906 _a7
_bcbc
_corignew
_d1
_eocip
_f19
_gy-gencatlg
942 _2ddc
_cBK
_n0
999 _c3168
_d3168